Careers in teaching banking and financial services

Bibliographic Details
Main Author: Gawel, Stan
Format: Book
Published: Australia : Wrightbooks , 2004
Series:Careers series
Subjects:

MARC

LEADER 00000cam a2200000 7i4500
001 0000025549
005 20090305.0
008 090305
020 |a 0731401093 
090 0 0 |a 332.02373   |b GAW 
100 1 |a Gawel, Stan 
245 1 0 |a Careers in teaching banking and financial services   |c Stan Gawel 
260 |a Australia :   |b Wrightbooks ,   |c 2004 
440 |a Careers series 
650 0 |a Banks and banking   |x vocational guidance 
650 0 |a Finance   |x vocational guidance 
999 |a 0001039485   |b Book   |c Adult Collection   |e Perbadanan Perpustakaan Awam Johor